Central Library OPAC University of Rajshahi

The foundations of social anthropology / (Record no. 11377)

MARC details
000 -LEADER
fixed length control field 00746cam a22002411 4500
001 - CONTROL NUMBER
control field 11377
003 - CONTROL NUMBER IDENTIFIER
rucl marc code BD-RjUL
005 - DATE AND TIME OF LATEST TRANSACTION
control field 20211208235120.0
008 - FIXED-LENGTH DATA ELEMENTS--GENERAL INFORMATION
fixed length control field 140126r1963 ilu b 001 0 eng
035 ## - SYSTEM CONTROL NUMBER
System control number (BD-RjUL)11426
System control number (OCoLC)1112236
040 ## - CATALOGING SOURCE
Original cataloging agency DLC
Transcribing agency OAU
Modifying agency NcRS
-- OCoLC
-- DLC
-- BD-RjUL
Language of cataloging eng
041 ## - LANGUAGE CODE
Language code of text/sound track or separate title eng
082 ## - DEWEY DECIMAL CLASSIFICATION NUMBER
Classification number 301.8
Author mark and year NAF 1963
100 1# - MAIN ENTRY--PERSONAL NAME
Personal name Nadel, S. F.
Fuller form of name (Siegfried Frederick),
Dates associated with a name 1903-1956.
9 (RLIN) 35175
245 14 - TITLE STATEMENT
Title The foundations of social anthropology /
Statement of responsibility, etc. S. F. Nadel
260 ## - PUBLICATION, DISTRIBUTION, ETC. (IMPRINT)
Place of publication, distribution, etc. Glencoe, Ill.:
Name of publisher, distributor, etc. Free Press,
Date of publication, distribution, etc. c1951[ 4th imp. 1963].
300 ## - PHYSICAL DESCRIPTION
Pagination xi, 426 p. ;
Size 22 cm.
504 ## - BIBLIOGRAPHY, ETC. NOTE
Bibliography, etc Bibliography: p. 409-414. and index.
650 #0 - SUBJECT ADDED ENTRY--TOPICAL TERM
Topical term or geographic name as entry element Sociology
General subdivision Methodology.
9 (RLIN) 35176
942 ## - ADDED ENTRY ELEMENTS (KOHA)
Source of classification or shelving scheme Dewey Decimal Classification
Koha item type Books
Holdings
Lost status Source of classification or shelving scheme Damaged status Not for loan Collection code Permanent Location Current Location Shelving location Date acquired Source of acquisition Cost, normal purchase price Total Checkouts Full call number Date last seen Copy number Koha item type
  Dewey Decimal Classification     Non-fiction Central Library, University of Rajshahi Central Library, University of Rajshahi   29/05/1965 Euro - Pok. 28.44   301.8 NAF 1963 26/01/2014 C-2 Books
  Dewey Decimal Classification     Non-fiction Central Library, University of Rajshahi Central Library, University of Rajshahi   14/11/2067 Zeitlinger 35.00   301.8 NAF 1963 27/01/2014 C-8 Books
  Dewey Decimal Classification   Not For Loan Non-fiction Central Library, University of Rajshahi Central Library, University of Rajshahi Reading Room 14/11/1967 Zeitlinger 35.00   301.8 NAF 1963 21/05/2017 C-1 Books
  Dewey Decimal Classification     Non-fiction Central Library, University of Rajshahi Central Library, University of Rajshahi   14/11/1967 Zeitlinger 35.00   301.8 NAF 1963 21/05/2017 C-3 Books
  Dewey Decimal Classification     Non-fiction Central Library, University of Rajshahi Central Library, University of Rajshahi   14/11/1967 Zeitlinger 28.00   301.8 NAF 1963 21/05/2017 C-4 Books
  Dewey Decimal Classification     Non-fiction Central Library, University of Rajshahi Central Library, University of Rajshahi   14/11/1967 Zeitlinger 28.00   301.8 NAF 1963 21/05/2017 C-5 Books
  Dewey Decimal Classification     Non-fiction Central Library, University of Rajshahi Central Library, University of Rajshahi   14/11/1967 Zeitlinger 28.00   301.8 NAF 1963 21/05/2017 C-6 Books
  Dewey Decimal Classification     Non-fiction Central Library, University of Rajshahi Central Library, University of Rajshahi   14/11/1967 Zeitlinger 28.00   301.8 NAF 1963 21/05/2017 C-7 Books
  Dewey Decimal Classification     Non-fiction Central Library, University of Rajshahi Central Library, University of Rajshahi   14/11/1967 Zeitlinger 28.00   301.8 NAF 1969 21/05/2017 C-8 Books
  Dewey Decimal Classification     Non-fiction Central Library, University of Rajshahi Central Library, University of Rajshahi   14/11/1967 Zeitlinger 28.00   301.8 NAF 1963 21/05/2017 C-9 Books
  Dewey Decimal Classification     Non-fiction Central Library, University of Rajshahi Central Library, University of Rajshahi   14/11/1967 Zeitlinger 28.00   301.8 NAF 1969 21/05/2017 C-10 Books